| 000 | 00751cam a22002531 4500 | ||
|---|---|---|---|
| 001 | 5391 | ||
| 003 | BD-RjUL | ||
| 005 | 20211208234047.0 | ||
| 008 | 131226s1962 enk 000 0 eng | ||
| 035 | _a(BD-RjUL)5427 | ||
| 035 | _a(OCoLC)181478 | ||
| 040 |
_aDLC _cOAU _dUk _dDLC _dBD-RjUL _beng |
||
| 041 | _aeng | ||
| 082 | 0 | 4 |
_218 _a352.04 _bGOD 1962 |
| 100 | 1 |
_aGolding, L. _q(Louis), _d1907- _916939 |
|
| 245 | 1 | 0 |
_aDictionary of local government in England and Wales / _cL Golding. |
| 260 |
_aLondon : _bEnglish Universities Press, _cc1962. |
||
| 300 |
_a446 p. ; _c21 cm. |
||
| 650 | 0 |
_aLocal government _zEngland. _916940 |
|
| 650 | 0 |
_aLocal government _zWales. _916941 |
|
| 942 |
_2ddc _cBK |
||
| 999 |
_c5391 _d5391 |
||